[Event "La Cumbre Turistic"]
[Site "La Cumbre"]
[Date "2019.09.11"]
[Round "6"]
[White "Aguilar Samper, Valentin"]
[Black "Reta, Martin"]
[Result "1-0"]
[WhiteElo "2106"]
[BlackElo "1608"]
[PlyCount "75"]
[EventDate "2019.09.09"]
[EventType "tourn"]
[EventRounds "9"]
[EventCountry "ARG"]
[SourceTitle "CBM 192 Extra"]
[Source "Chessbase"]
[SourceDate "2019.11.06"]
[SourceVersion "1"]
[SourceVersionDate "2019.11.06"]
[SourceQuality "1"]

1. d4 e6 2. c4 f5 3. Nc3 Nf6 4. g3 c6 5. Bg2 Be7 6. Nh3 d6 7. 0-0 0-0 8. Qc2 Na6 9. Rd1 Qe8 10. d5 e5 11. dxc6 bxc6 12. Qa4 Bb7 13. b4 Nd7 14. Qb3 Kh8 15. Bg5 Rb8 16. a3 Nc7 17. Bxe7 Qxe7 18. Rd2 h6 19. Rad1 Rf6 20. e4 Ne6 21. Ne2 c5 22. exf5 Nd4 23. Nxd4 exd4 24. Bxb7 Rxb7 25. Nf4 Qf7 26. g4 Ne5 27. Nd5 Nxg4 28. Nxf6 Qxf6 29. Qf3 Ne5 30. Qxb7 Nxc4 31. Rd3 Nb2 32. Qa8+ Kh7 33. Qg2 Qxf5 34. Rg3 Qf6 35. Re1 d3 36. Qe4+ Kh8 37. Rxd3 Nxd3 38. Qxd3 1-0